000 00873nam a2200241 i 4500
001 141291
003 ES-MaACL
005 20260127145410.0
007 t|
008 070920s1926 sp a |||| | spa d
100 1 _aVives y Escudero, Antonio.
_9115597
245 1 3 _aLa moneda hispánica /
_cAntonio Vives y Escudero ; [prólogo de Manuel Gómez Moreno].
260 _aMadrid :
_b[s.n.],
_c1926 (
_fImp. "Ed. Reus")
300 _a2 v. ;
_c29, 25 cm.
500 _aPrecede al tít.: Real Academia de la Historia.
530 _aDisponible en formato digital.
650 0 4 _aMonedas antiguas-
_zEspaña.
_915162
710 2 _aReal Academia de la Historia (España)
_96309
852 _aES-MaACL
_jF-3247-48
_cDEPO1
856 4 _uhttp://bdh-rd.bne.es/viewer.vm?id=0000187642&page=1
_z(6 v.)
_yBiblioteca Digital Hispánica
942 _2udc
999 _c141291
_d141291